|
|
|
|
| LEADER |
00000cam a22000004a 4500 |
| 001 |
musev2_2071 |
| 003 |
MdBmJHUP |
| 005 |
20230905040300.0 |
| 006 |
m o d |
| 007 |
cr||||||||nn|n |
| 008 |
101012s2011 vau o 00 0 eng d |
| 010 |
|
|
|z 2010042426
|
| 020 |
|
|
|a 9780813931159
|
| 020 |
|
|
|z 9780813930961
|
| 035 |
|
|
|a (OCoLC)755619556
|
| 040 |
|
|
|a MdBmJHUP
|c MdBmJHUP
|
| 043 |
|
|
|a f------
|
| 050 |
0 |
4 |
|a PQ3980.5
|b .C39 2011
|
| 082 |
0 |
|
|a 840.9/96
|2 22
|
| 100 |
1 |
|
|a Cazenave, Odile M.
|q (Odile Marie),
|d 1961-
|
| 245 |
1 |
0 |
|a Contemporary Francophone African Writers and the Burden of Commitment /
|c Odile Cazenave and Patricia Celerier.
|
| 264 |
|
1 |
|a Charlottesville :
|b University of Virginia Press,
|c 2011.
|
| 264 |
|
3 |
|a Baltimore, Md. :
|b Project MUSE,
|c 2012
|
| 264 |
|
4 |
|c ©2011.
|
| 300 |
|
|
|a 1 online resource (256 pages).
|
| 336 |
|
|
|a text
|b txt
|2 rdacontent
|
| 337 |
|
|
|a computer
|b c
|2 rdamedia
|
| 338 |
|
|
|a online resource
|b cr
|2 rdacarrier
|
| 504 |
|
|
|a Includes bibliographical references (p. [205]-237) and index.
|
| 505 |
0 |
|
|a Introduction: the burden of commitment -- Enduring commitments -- The practice of memory -- Lifting the burden? Francophone African writers engaging in new aesthetics -- The fashioning of an engaging literature: the publishing industry, the internet, and criticism -- Conclusion. the possibilities of artistic commitment.
|
| 588 |
|
|
|a Description based on print version record.
|
| 650 |
|
0 |
|a Politics and literature
|z Africa, French-speaking
|x History
|y 20th century.
|
| 650 |
|
0 |
|a African literature (French)
|x History and criticism.
|
| 655 |
|
7 |
|a Electronic books.
|2 local
|
| 700 |
1 |
|
|a Celerier, Patricia,
|d 1956-
|
| 710 |
2 |
|
|a Project Muse.
|e distributor
|
| 830 |
|
0 |
|a Book collections on Project MUSE.
|
| 856 |
4 |
0 |
|z Texto completo
|u https://projectmuse.uam.elogim.com/book/2071/
|
| 945 |
|
|
|a Project MUSE - Custom Collection
|
| 945 |
|
|
|a Project MUSE - 2011 African Studies
|
| 945 |
|
|
|a Project MUSE - 2011 Complete
|
| 945 |
|
|
|a Project MUSE - 2011 Literature
|